[Event "18th Aeroflot Open-A 2020"]
[Site "Moscow"]
[Date "2020.02.24"]
[Round "6.37"]
[White "Lobanov, Sergei"]
[Black "Aditya Mittal"]
[Result "0-1"]
[WhiteElo "2507"]
[BlackElo "2427"]
[Annotator "TA"]
[PlyCount "140"]
[EventDate "2020.02.19"]
[EventType "swiss"]
[EventCountry "RUS"]
[SourceTitle "playchess.com"]
[Source "ChessBase"]
[SourceQuality "1"]

{[%evp 16,140,50,18,41,52,44,-16,-10,-107,-97,-104,52,0,0,0,0,-654,-610,-708,-696,-675,-679,-623,-454,-480,-522,-499,-417,-410,-193,-194,-210,-194,-145,-227,-138,-222,-236,-221,-233,-784,-745,-6543,-6402,-6195,-5381,-2370,-2103,-1420,-829,-731,0,-1216,-652,-652,-645,-5114,-318,-645,-276,-294,0,0,0,-273,-297,-365,-352,-314,-293,-366,-218,-904,-166,-162,0,0,-8,-8,0,-131,-128,-126,-117,-87,-8,-8,0,-84,-16,-16,-12,-29,0,0,0,0,0,0,0,0,0,-10,-12,-252,-246,-383,-376,-322,-321,-436,-238,-393,-377,-364,-237,-29982,-29983,-29983,-29984,-29993,-29994,-29994,-29995,-29998,-29999]} 1. e4 c5 2. Nf3 d6 3. d4 cxd4 4. Nxd4 Nf6 5. Nc3 a6 6. Bg5 e6 7. f4 Nbd7 8. Qe2 Qc7 9. O-O-O Be7 {B96: Sicilian Najdorf: 6 Bg5 e6 7 f4, lines other than 7...Qb6 and 7...Be7.} 10. g4 b5 11. Bg2 ({White should try} 11. Bxf6 $14 Bxf6 12. g5 Bxd4 13. Rxd4) 11... b4 $11 {The position is equal.} 12. Nd5 (12. e5 $11 bxc3 13. Bxa8) 12... exd5 $17 13. Nf5 Nc5 $2 ({Inferior is} 13... dxe4 14. Bxe4 Rb8 15. Bc6 $1 $16 {[%mdl 512]} (15. Nxg7+ Kd8 $14)) (13... Nb6 $17 14. Nxg7+ Kd8) 14. e5 (14. Nxg7+ $14 Kf8 15. Bh6) 14... Bxf5 $11 15. exf6 {[%mdl 64] Pin} Be4 $1 ({Much weaker is} 15... gxf6 $6 16. gxf5 fxg5 17. f6 $16) 16. fxe7 $4 {[%mdl 8192] [#]} (16. fxg7 $11 Rg8 17. Rxd5 Bxg2 18. Qxg2) 16... b3 $146 ({Predecessor:} 16... f6 17. Bh4 Qxe7 18. Rhe1 Qb7 19. Bxe4 dxe4 20. Rxd6 Rc8 21. Bf2 O-O 22. Qc4+ Qf7 23. Qxf7+ Kxf7 24. Bxc5 Rxc5 25. Rxe4 {1-0 (41) Fleck,J (2310)-Nielsen,P Esbjerg 1980}) 17. Bxe4 bxa2 {[%cal Rc5b3]} 18. Kd2 Nxe4+ 19. Ke3 h6 20. Bh4 Qb6+ 21. Kf3 Qxb2 {...Nc3 is the strong threat.} 22. Rxd5 a1=Q (22... Nc3 $142 23. Rxd6 g5 {[%mdl 64] Promotion}) 23. Rxa1 Qxa1 24. Kxe4 Qa4+ 25. c4 (25. Kf3 $17 Qc6 26. c4) 25... g5 26. fxg5 (26. Bg3 $17 {keeps fighting.}) 26... hxg5 ({Much less strong is} 26... Rc8 27. Rxd6 hxg5 28. Rd8+ Rxd8 29. exd8=Q+ Kxd8 30. Bxg5+ Kc8 31. Kf4) 27. Bxg5 Rc8 28. Rd4 $2 (28. Kd4 Qa1+ 29. Ke4) 28... Rh3 29. Kf5 Rc5+ 30. Kf4 Qa1 31. Bf6 Qc1+ 32. Ke4 Qh1+ 33. Kf4 Qc1+ (33... Qg1 $142 34. Rxd6 Rxc4+ $3 {[%mdl 512]} 35. Kg5 Qc1+ 36. Qd2 Rc5+ 37. Be5 Rxe5+ 38. Kf4 Qxd2+ 39. Rxd2 Rb5) 34. Ke4 $1 Qc3 35. Rxd6 {[%csl Ge7,Gf6][%cal Rd6d8]} Rxc4+ 36. Bd4 {[#] intending Rd8+.} Qb4 $2 (36... f5+ $1 {[%mdl 512]} 37. Kxf5 Rxd4 38. Rxd4 Qxd4) 37. Rd8+ Kxe7 38. Rd5 {Kf5+ would kill now.} Kf8 39. Rd8+ Ke7 40. Rd5 $1 {White wants to mate with Kf5+.} Rc8 $1 41. Kf5+ Kf8 42. Qe4 {Strongly threatening Bg7+!} Qa3 43. Be5 Kg8 (43... Rf3+ $142 44. Bf4 Re8) 44. g5 $2 (44. Rd6) 44... Qe7 $2 (44... Re8 45. Kg4 Rxh2 $1 {[%mdl 576] Pin}) 45. Bg3 Qf8 $2 ({Better is} 45... Qxe4+ $19 46. Kxe4 Ra8) 46. Kg4 $36 {[%mdl 2048] White is pushing.} Rh7 47. h4 Re8 48. Qa4 (48. Re5 $11 Rb8 49. Kh3) 48... Re3 $17 49. Qc4 Qe8 $1 50. Rd4 Qa8 (50... Kg7 $17 51. Qd5 Qc8+ 52. Kf4 Re8) 51. Rd5 $11 Qe8 (51... Rc3 $11 52. Qxc3 Qxd5 53. Qc8+ Kg7) 52. Rd4 $1 $17 Rg7 (52... Kg7 $17 {Threatening ...Ra3.} 53. Qd5 a5 $1 {[%mdl 512]}) 53. Bf4 $11 Re1 54. Qd3 Qc8+ 55. Kg3 {Hoping for Rd8+.} Re8 56. h5 Qc5 57. Kh4 Qa5 58. Re4 {[%cal Re4e8]} Rd8 59. Qe2 {aiming for Re8+.} Qf5 60. Ra4 $2 {White does not recover from this.} (60. Qc4 $11) 60... Rd3 $19 {[%csl Gd3][%cal Rf5h3]} 61. Qg4 {[#]} (61. Qg2 $142) 61... Qd5 $1 {[%cal Rd5h1] ( -> ...Qh1+)} 62. Ra1 Qe4 63. Qc8+ Kh7 64. Rf1 a5 {[%cal Ba6a5,Ba5a4][%mdl 32]} 65. Rf2 a4 {White must now prevent ...a3.} 66. Kg4 $2 (66. Qg4 $19 Rd4 67. Kg3) 66... Rd5 {Black mates.} 67. Kh3 Qh1+ 68. Bh2 Rdxg5 {[%cal Rg5h5]} 69. Qc2+ f5 70. Rxf5 Rg3+ {Accuracy: White = 53%, Black = 66%.} 0-1

[Event "18th Aeroflot Open-A 2020"]
[Site "Moscow"]
[Date "2020.02.24"]
[Round "6.38"]
[White "Iljiushenok, Ilia"]
[Black "Mendonca, Leon Luke"]
[Result "1/2-1/2"]
[WhiteElo "2519"]
[BlackElo "2418"]
[Annotator "TA"]
[PlyCount "80"]
[EventDate "2020.02.19"]
[EventType "swiss"]
[EventCountry "RUS"]
[SourceTitle "playchess.com"]
[Source "ChessBase"]
[SourceQuality "1"]

{[%evp 9,80,10,20,14,29,11,8,0,6,-4,15,15,29,2,9,23,27,21,18,4,16,0,59,41,91,50,53,41,48,39,42,38,41,36,60,57,48,50,81,79,77,63,62,36,59,0,0,0,0,0,0,0,0,0,0,-17,0,0,0,0,0,0,0,0,0,0,0,0,0,0,0,-20,0]} 1. e4 c5 2. Nf3 d6 3. Bb5+ Nd7 4. Ba4 a6 5. c4 Ngf6 6. Nc3 {B51: Sicilian: Moscow Variation (3 Bb5+) without 3...Bd7.} e6 7. O-O Qc7 8. Qe2 Be7 9. d4 cxd4 10. Nxd4 O-O 11. Kh1 {[#]} Ne5 $146 ({Predecessor:} 11... Nb6 12. Bb3 Bd7 13. f4 Rac8 14. e5 Ne8 15. Ne4 Nxc4 16. f5 dxe5 17. fxe6 fxe6 18. Rxf8+ Bxf8 {½-½ (30) Barle,J (2360)-Tratar,M (2455) Bled 2003}) 12. Bb3 $1 Nc6 13. Nxc6 Qxc6 14. Bg5 h6 15. Bh4 Qc7 (15... b5 $11) 16. Rad1 Re8 17. Bc2 e5 18. Ba4 Rf8 19. Bxf6 Bxf6 20. Nd5 Qd8 $1 21. b4 Be6 22. c5 ({Of course not} 22. Nxf6+ Qxf6 23. Rc1 a5 $11) 22... dxc5 23. bxc5 Qa5 24. Nxf6+ gxf6 25. Bb3 Bxb3 26. axb3 Rfd8 27. Rd6 (27. Qg4+ $14 Kf8 28. Rc1) 27... Rxd6 $1 $11 {The position is equal.} 28. cxd6 {[%mdl 4096] Endgame KQR-KQR} Rd8 29. Rd1 Qb6 30. Qd3 Qxf2 31. h3 Qc5 32. Kh2 Kf8 33. Qd2 Ke8 34. b4 Qd4 {[#] Strongly threatening ...Rxd6.} 35. Qc1 $36 {[%mdl 2048] White is pushing.} Qb6 36. Qd2 Qd4 {Threatens to win with ...Rxd6.} 37. Qc2 Qb6 38. Qd2 Qd4 {[#] White must now prevent ...Rxd6.} 39. Qc1 Qb6 40. Qd2 Qd4 {Accuracy: White = 90%, Black = 91%.} 1/2-1/2

[Event "18th Aeroflot Open-A 2020"]
[Site "Moscow"]
[Date "2020.02.24"]
[Round "6.39"]
[White "Zarubitski, Viachaslau"]
[Black "Kulaots, Kaido"]
[Result "1/2-1/2"]
[WhiteElo "2432"]
[BlackElo "2510"]
[Annotator "TA"]
[PlyCount "134"]
[EventDate "2020.02.19"]
[EventType "swiss"]
[EventCountry "RUS"]
[SourceTitle "playchess.com"]
[Source "ChessBase"]
[SourceQuality "1"]

{[%evp 11,134,33,25,44,63,63,63,61,66,67,75,72,87,77,121,76,108,108,91,75,104,25,56,25,30,-34,-35,-40,-28,-25,-39,-43,-34,-37,-30,-21,-27,-43,-19,-14,-27,-20,-24,-26,-15,-21,0,0,8,0,17,16,22,-81,-85,-103,-98,-101,-87,-79,-78,-85,-75,-81,-4,-4,-5,-5,-5,-7,0,-51,-45,-51,-52,-47,-35,-31,-35,-182,-123,-131,-87,-101,-101,-94,-102,-101,-98,-96,-77,-64,-71,-71,-14,-43,-10,-11,-8,-9,-8,-8,-8,-8,-8,-8,-8,-8,-8,-8,-8,-8,-8,-8,-8,-8,-8,-8,-8,-8,-8,-8,-8,-8,0]} 1. e4 c5 2. c3 d5 3. exd5 Qxd5 4. d4 g6 5. Nf3 Bg7 6. Na3 cxd4 7. Nb5 {And now Nc7+ would win. B06: Modern Defence.} Qd8 8. Bf4 (8. cxd4 $6 Nf6 $11) (8. Nfxd4 a6 $11) 8... Na6 9. Nbxd4 {White is slightly better.} Nf6 10. Bc4 O-O 11. O-O {[#]} Nc5 $146 ({Predecessor:} 11... Qb6 12. Qe2 e6 13. a4 Nd5 14. Be5 Qd8 15. Rfd1 Bxe5 16. Nxe5 Nac7 17. Nb5 Qe7 18. Nxc7 Nxc7 {1-0 (40) Bujnoch,R (2207)-Blazek,J (2212) Czechia 2013}) 12. Re1 a6 13. a4 Bd7 14. a5 Rc8 15. Ne5 Be8 16. Qf3 (16. Ba2 $16) 16... Nh5 $1 $11 17. Bg5 (17. Nf5 $5 {[%cal Ra1d1]} Nxf4 18. Nxg7 Kxg7 19. Qxf4 $14) 17... Qc7 18. Ng4 (18. g4 $11 Bxe5 19. gxh5) 18... e5 $15 19. Nc2 Kh8 {Hoping for ...f5.} 20. Nf6 {Strongly threatening Nd5.} e4 21. Nxe8 ({Wrong is} 21. Nxe4 $2 Bc6 $19) 21... Rcxe8 22. Qh3 Ne6 23. Bxe6 $1 Rxe6 24. f3 Re5 25. Be3 Rxa5 26. Rxa5 Qxa5 27. fxe4 Qb5 $36 {[%mdl 2048] Black fights for an advantage.} 28. Bc1 Nf6 29. Nd4 Qb6 30. e5 Nd5 31. Qd7 Nb4 32. Rf1 (32. e6 $11 fxe6 33. Be3 (33. Rxe6 Nc6 $11)) 32... Nd3 $1 $17 {[%cal Rd3c1][%mdl 64] Discovered Attack} ({But not} 32... Bxe5 $2 33. Bh6 $18) 33. Be3 Nxe5 34. Qe7 Kg8 35. Nf5 {[#]} Qd8 $1 36. Qxd8 Rxd8 37. Bg5 {[#]} f6 (37... Re8 $1 $17 38. Nxg7 Kxg7) 38. Nxg7 $11 fxg5 {[%mdl 4096] Endgame KRN-KRN} 39. Ne6 {[%mdl 64] Double Attack} Re8 40. Nxg5 Nc4 41. b3 (41. b4 $11) 41... Nd2 $1 $15 {[%cal Rd2f1]} 42. Rd1 Nxb3 43. Rd7 Nc5 44. Rc7 $1 {[%cal Rc7c5]} b6 45. Nf7 (45. Nxh7 $15 Ne4 46. h4) 45... Re1+ $19 46. Kf2 Rd1 47. Nh6+ Kf8 48. Rxh7 Ne4+ 49. Ke3 Nxc3 50. Ng4 b5 51. Ra7 Rd6 52. Ne5 Nd5+ ({Black should play} 52... b4 $17 {Threatens to win with ...Re6.} 53. Nc4 Rf6) 53. Kd4 {Black must now prevent Kc5.} Nf4+ 54. Ke4 {The position is equal.} Nxg2 55. Nd7+ Ke7 56. Nc5+ Kf6 57. Rxa6 Rxa6 58. Nxa6 $11 {KN-KN} Kg5 59. Nc7 b4 60. Kd4 Nf4 61. Kc4 Kh4 62. Kxb4 Kh3 63. Ne8 Kxh2 64. Nf6 Nh5 65. Nh7 Kg3 66. Kc4 Kf4 67. Nf8 Ke5 {White happily takes the draw. Accuracy: White = 79%, Black = 89%.} 1/2-1/2

[Event "18th Aeroflot Open-A 2020"]
[Site "Moscow"]
[Date "2020.02.24"]
[Round "6.40"]
[White "Kozak, Adam"]
[Black "Buksa, Nataliya"]
[Result "1/2-1/2"]
[WhiteElo "2523"]
[BlackElo "2403"]
[Annotator "TA"]
[PlyCount "106"]
[EventDate "2020.02.19"]
[EventType "swiss"]
[EventCountry "RUS"]
[SourceTitle "playchess.com"]
[Source "ChessBase"]
[SourceQuality "1"]

{[%evp 22,106,17,2,13,0,0,0,12,0,0,10,2,0,41,44,50,-67,223,53,69,72,78,6,22,15,74,27,40,34,30,29,40,0,25,10,23,0,64,0,0,0,0,0,0,0,0,0,0,0,0,-3,0,0,8,8,8,0,0,-8,0,0,0,0,0,0,0,0,0,0,0,0,0,0,0,0,0,0,0,0,0,0,0,0,0,0,0]} 1. d4 d5 2. c4 e6 3. Nc3 Nf6 4. cxd5 exd5 5. Bg5 c6 6. e3 Nbd7 7. Bd3 Be7 8. Qc2 Nh5 9. Bxe7 Qxe7 10. O-O-O Nb6 11. h3 g6 12. Nf3 Be6 {D36: Queen's Gambit Declined: Exchange Variation: Main line (5 Bg5 c6 6 Qc2).} 13. Kb1 Ng7 14. g4 O-O-O 15. Na4 Nxa4 16. Qxa4 Kb8 17. Rc1 h5 18. Ne5 $36 {[%mdl 2048] And now Rc3 would win. White has good play.} hxg4 19. Rc3 {[#]} (19. hxg4 $14 Qc7 20. Qb4) 19... Bf5 $146 {[%mdl 8192] [#]} (19... Rc8 $1 $15 {stays ahead.}) ({Predecessor:} 19... Qc7 20. Rhc1 gxh3 21. Ra3 a5 22. Nxc6+ Qxc6 23. Rxc6 Bd7 24. Rb3 h2 25. Rxb7+ {1-0 (25) Sadorra,J (2572)-Hungaski,R (2471) Middleton 2013}) 20. Rhc1 $2 (20. e4 $1 $18 Bc8 21. Ra3) 20... Rc8 $14 21. hxg4 Bxd3+ 22. Rxd3 (22. Nxd3 $16 {Hoping for Ra3.} Ne6 23. Nb4) 22... Ne6 23. Rb3 {[%cal Re5c6] Strongly threatening Nxc6+.} Nd8 (23... Ka8 $1 $11 {keeps the balance.}) 24. g5 (24. Rxc6 $5 Nxc6 25. Nxc6+ Rxc6 26. Qxc6 $14) 24... Rh7 25. f4 f6 26. gxf6 Qxf6 27. Ra3 (27. a3 {feels hotter.} Ka8 28. Rg1 Rg7 29. Qb4 g5 30. Rxg5 Rxg5 31. fxg5 Qxg5 32. Qf8) 27... a6 28. Qc2 Rg7 29. Rg1 Ne6 ({Black should try} 29... Rcc7 $11) 30. Rxg6 (30. Rc3 $14) 30... Rxg6 $11 {The position is equal.} 31. Qxg6 Qxg6+ 32. Nxg6 $14 {[%mdl 4096] Endgame KRN-KRN} Rg8 33. Nh4 Rh8 34. Nf3 Rh3 35. Nd2 Ng7 36. e4 Rxa3 (36... Rh4 {keeps more tension.} 37. exd5 cxd5 38. Rf3 Nf5 39. Rf2 Kc7) 37. bxa3 dxe4 38. Nxe4 $11 {KN-KN} Ne6 39. Kc2 Nxf4 40. a4 a5 41. Nd2 Ka7 42. Nb3 b6 43. a3 Kb7 44. Kc3 Kc7 45. Nd2 Ne6 46. Kc4 Nf4 47. Kc3 Nd5+ 48. Kd3 Kd6 49. Nc4+ Ke6 50. Ne5 Ne7 51. Nc4 Nc8 52. Ne3 Nd6 53. d5+ cxd5 {Accuracy: White = 75%, Black = 83%.} 1/2-1/2

[Event "18th Aeroflot Open-A 2020"]
[Site "Moscow"]
[Date "2020.02.24"]
[Round "6.41"]
[White "Makarian, Rudik"]
[Black "Sivuk, Vitaly"]
[Result "1/2-1/2"]
[WhiteElo "2414"]
[BlackElo "2557"]
[Annotator "TA"]
[PlyCount "59"]
[EventDate "2020.02.19"]
[EventType "swiss"]
[EventCountry "RUS"]
[SourceTitle "playchess.com"]
[Source "ChessBase"]
[SourceQuality "1"]

{[%evp 26,59,-41,-47,-35,-30,-28,-91,-101,-122,-96,-109,-55,-48,-22,-89,-85,-87,-33,-43,-36,-36,-36,-36,-36,-38,-15,-18,4,8,12,4,123,96,90,95]} 1. Nf3 c5 2. c4 Nc6 3. Nc3 g6 4. g3 Bg7 5. Bg2 e5 6. O-O Nge7 7. a3 a5 8. d3 d6 9. Rb1 O-O 10. Ne1 Be6 11. Nc2 d5 12. cxd5 Nxd5 13. Ne3 Nde7 14. Nc4 $1 {14.Nc4 is better than 14.Bd2.} Rb8 {A37: Symmetrical English vs ...g6: 4 Bg2 Bg7 5 Nf3.} 15. Be3 Nd4 {[#]} 16. b4 $146 (16. a4 $11) ({Predecessor:} 16. f4 Nec6 17. Ne4 b6 18. fxe5 Nxe5 19. Bg5 f6 20. Nxe5 fxg5 21. Rxf8+ Qxf8 22. Nc4 {0-1 (52) Alvarez Pedraza,A (2445)-Abreu Delgado,A (2473) Santa Clara 2007}) 16... axb4 $17 {Black is better.} 17. axb4 b5 18. Nd2 c4 ({Black should try} 18... Nef5 $17 19. Bxd4 (19. bxc5 Nxe3 20. fxe3 Nf5 $17) 19... exd4) 19. Nde4 $15 Nef5 20. Nc5 (20. Bg5 $11 {keeps the balance.} f6 21. Bc1) 20... Nxe3 $17 21. fxe3 Bh6 (21... Nf5 $17 22. Qd2 Bh6) 22. exd4 $15 Qxd4+ {[%mdl 64] [#] Double Attack} 23. Kh1 Qxc3 24. Nxe6 fxe6 25. Rxf8+ Rxf8 26. dxc4 bxc4 27. b5 {[%cal Bb4b5,Bb5b6][%mdl 32] With the idea b6.} Qd4 28. b6 {And now b7 would win.} Qxd1+ (28... Rb8 $11) 29. Rxd1 $16 c3 {[#] White must now prevent ...c2.} 30. Be4 {Accuracy: White = 78%, Black = 59%.} 1/2-1/2

[Event "18th Aeroflot Open-A 2020"]
[Site "Moscow"]
[Date "2020.02.24"]
[Round "6.42"]
[White "Nikitenko, Mihail"]
[Black "Stupak, Kirill"]
[Result "0-1"]
[WhiteElo "2440"]
[BlackElo "2518"]
[Annotator "TA"]
[PlyCount "98"]
[EventDate "2020.02.19"]
[EventType "swiss"]
[EventCountry "RUS"]
[SourceTitle "playchess.com"]
[Source "ChessBase"]
[SourceQuality "1"]

{[%evp 11,98,0,0,-13,-12,-17,-10,-26,-15,-25,-23,-33,-32,-43,-24,-22,-17,-25,-20,-25,1,0,-4,-76,-14,1,62,-25,31,0,0,0,0,-66,-16,-15,-19,-112,-7,-220,-50,-46,-18,-46,-44,-36,-39,-128,-149,-146,-152,-142,-149,-152,-145,-148,-142,-323,-307,-318,-322,-301,-310,-289,-298,-462,-449,-598,-615,-597,-612,-620,-620,-618,-614,-604,-604,-627,-614,-668,-668,-672,-672,-660,-655,-1409,-1409,-1064,-1064]} 1. c4 c5 2. g3 g6 3. Bg2 Bg7 4. Nc3 Nc6 5. Nf3 e6 6. d3 Nge7 7. Bg5 {A37: Symmetrical English vs ...g6: 4 Bg2 Bg7 5 Nf3.} h6 8. Bd2 O-O 9. Qc1 {The position is equal. is the legacy move (9.a3).} Kh7 10. Rb1 d5 11. h4 b6 12. a3 Bb7 13. b4 cxb4 14. axb4 dxc4 15. dxc4 {[#]} Rc8 $146 {White must now prevent ...Nd4.} ({Predecessor:} 15... Nd4 16. Ng5+ hxg5 17. hxg5+ Kg8 18. Bxb7 Rb8 19. Bg2 Rc8 20. Ne4 Nec6 21. c5 Ne5 22. Bc3 Nxe2 23. Kxe2 Qd3+ 24. Ke1 Nf3+ 25. Bxf3 Qxf3 26. Rh4 bxc5 27. Bxg7 {1-0 (27) Moskalenko,A (2490)-Reshetnikov,A (2492) Moscow 2016}) 16. h5 g5 17. Ne4 (17. c5 $11) 17... Kh8 (17... g4 $17 18. Nh4 f5) 18. Bc3 $11 Nf5 (18... e5 $1 $11) 19. Qb2 (19. Bxg7+ $1 $14 Nxg7 20. Qc3) 19... Bxc3+ (19... e5 $11) 20. Qxc3+ f6 21. g4 Nd6 22. Ned2 (22. Nxd6 $11 Qxd6 23. c5) 22... a5 23. bxa5 Nxa5 {[%cal Bc6a5,Ba5c4,Bc4d2][%mdl 32]} 24. Qd3 (24. O-O $11 {remains equal.}) 24... Rg8 ({Black should try} 24... e5 $1 $17 {[%cal Re5e4] And now ...e4 would win.} 25. Qg6 Rc7 26. Rxb6 Rg8) 25. Rc1 $2 (25. O-O $1 $11 {and White has nothing to worry.}) 25... b5 $2 ({Black should play} 25... e5 $19 26. e4 Nxe4 27. Nxe5 Qxd3 28. Nxd3 Rge8 29. Bxe4 Bxe4 30. Nxe4 Rxe4+ {[%mdl 64] Double Attack} 31. Kf1 Nxc4) 26. c5 $15 Ndc4 {Hoping for ...Nxd2.} 27. Nxc4 Nxc4 28. O-O Bxf3 29. Bxf3 {Black keeps a firm grip on the game.} ({Better is} 29. Qxd8 $15 Rgxd8 30. Bxf3) 29... Qxd3 $1 $17 ({Don't do} 29... Rxc5 30. Rfd1 $15) 30. exd3 Nd2 31. Bb7 Rc7 $36 {[%mdl 2048] Keeping White busy.} 32. Rfd1 Nb3 {[%mdl 64] Double Attack} 33. Rb1 {[#]} Nd4 $1 34. Rb4 $2 {[#]} (34. c6 $17) 34... Ne2+ $1 $19 35. Kf1 Nc3 36. Re1 Rxb7 37. Rxe6 Kg7 38. c6 (38. Rd4 $142) 38... Rc7 {Black is clearly winning.} 39. Rb3 Kf7 40. Rd6 Ke7 41. Rd7+ Rxd7 42. cxd7 {[%mdl 4096] Endgame KRN-KR} Nd5 43. Rxb5 Nf4 44. Rb3 Ra8 {( -> ...Ra1+)} 45. Kg1 Rd8 46. Kh2 Rxd7 47. Rb8 Rxd3 48. Rh8 {[#]} f5 $1 49. Rh7+ (49. gxf5 Rh3+) 49... Kf6 {Accuracy: White = 47%, Black = 71%.} 0-1

[Event "18th Aeroflot Open-A 2020"]
[Site "Moscow"]
[Date "2020.02.25"]
[Round "7.1"]
[White "Mamedov, Rauf"]
[Black "Sjugirov, Sanan"]
[Result "1/2-1/2"]
[WhiteElo "2643"]
[BlackElo "2674"]
[Annotator "TA"]
[PlyCount "113"]
[EventDate "2020.02.19"]
[EventType "swiss"]
[EventCountry "RUS"]
[SourceTitle "playchess.com"]
[Source "ChessBase"]
[SourceQuality "1"]

{[%evp 17,113,0,7,7,5,7,8,-16,-8,-35,33,28,31,19,29,22,23,19,70,54,70,64,54,66,68,56,79,69,72,82,73,69,75,36,57,55,54,53,68,72,67,64,72,64,77,71,75,73,67,22,22,3,22,16,17,0,22,0,14,15,15,16,19,0,14,0,0,0,0,0,0,0,0,0,10,4,23,23,17,3,3,0,3,3,3,3,8,8,8,8,8,8,8,8,8,3,8,0]} 1. e4 e5 2. Nf3 Nc6 3. Bc4 Bc5 4. c3 Nf6 5. d4 exd4 6. e5 d5 7. Bb5 Ne4 8. cxd4 Bb6 9. Nc3 O-O 10. Be3 {C54: Giuoco Piano: 4 c3 Nf6, main lines with 5 d4 and 5 d3.} Bg4 11. h3 Bh5 12. Qa4 Ne7 13. Bd3 Bg6 (13... Nxc3 $15 14. bxc3 Bxf3 15. gxf3 Qc8) 14. Qc2 $14 Nxc3 15. bxc3 Qd7 {[#]} 16. O-O $146 ({Predecessor:} 16. Nh4 Bxd3 17. Qxd3 f6 18. exf6 Rxf6 19. O-O h6 20. g4 Raf8 21. f4 Nc8 22. f5 {1-0 (49) Moe,M (2233)-Matthiesen,M (2330) Ballerup 2018}) 16... Nf5 17. Rae1 {[%cal Ba1e1,Be1e3,Be3d3][%mdl 32]} (17. a4 {keeps more tension.} c5 18. Qd2 Rac8 19. a5 cxd4 20. cxd4 Nxe3 21. Qxe3 Bxd3 22. Qxd3 Bd8 23. Rfb1) 17... c5 (17... Rac8 $11) 18. dxc5 Nxe3 19. Rxe3 Bxc5 20. Bxg6 hxg6 21. Rd3 Qc6 22. Qb3 Rfd8 23. Rfd1 Qb6 24. R1d2 Rd7 25. Qxb6 (25. Qa4 {feels hotter.} Rad8 26. Qh4 Be7 27. Qg3 Bc5 28. Rd1) 25... axb6 26. Rxd5 Rxd5 27. Rxd5 $16 {[%mdl 4096] Endgame KRB-KRN} Kf8 28. Rd2 Ra4 29. Kf1 Rc4 30. Rc2 Re4 31. g3 Ke7 32. h4 Ke8 33. c4 Ke7 34. Kg2 Ke8 35. Kg1 Kf8 36. Kf1 Ke7 37. Kg2 Ke8 38. Kh3 Ke7 39. Kh2 Kf8 40. Kh3 Ke7 41. a4 Ke8 42. Kg2 Kf8 43. Kf1 Ke7 44. Ne1 Rxe5 45. Nd3 Rf5 46. a5 Bd4 47. axb6 Kd6 $1 48. Ra2 {The position is equal.} Bxb6 49. Ra8 Ra5 50. c5+ Ke7 51. Rc8 Bd8 {aiming for ...Kd7.} 52. Ne5 f6 $132 {[%mdl 2048] Black is not holding back} 53. c6 ({Not} 53. Nxg6+ $2 Kd7 $19) 53... bxc6 54. Nxc6+ {[%mdl 64] [#] Double Attack} Kd7 55. Rxd8+ Kxc6 56. Ke2 g5 57. hxg5 {Accuracy: White = 95%, Black = 94%.} 1/2-1/2

[Event "18th Aeroflot Open-A 2020"]
[Site "Moscow"]
[Date "2020.02.25"]
[Round "7.2"]
[White "Yilmaz, Mustafa"]
[Black "Petrosyan, Manuel"]
[Result "1/2-1/2"]
[WhiteElo "2607"]
[BlackElo "2590"]
[Annotator "TA"]
[PlyCount "37"]
[EventDate "2020.02.19"]
[EventType "swiss"]
[EventCountry "RUS"]
[SourceTitle "playchess.com"]
[Source "ChessBase"]
[SourceQuality "1"]

{[%evp 9,37,16,20,-1,12,8,24,20,20,20,16,15,29,24,22,21,11,30,50,0,0,0,0,0,0,0,0,-3,-3,0]} 1. Nf3 d5 2. d4 Nf6 3. c4 e6 4. Nc3 Bb4 5. cxd5 exd5 6. Bf4 {D38: Queen's Gambit Declined: Ragozin Defence (4 Nf3 Bb4).} O-O {6...Ne4 is the modern continuation. Played by Viswanathan Anand in January 2020.} 7. e3 c5 8. dxc5 {White has an edge.} Ne4 9. Rc1 Qa5 {[%cal Re4c3]} 10. Bd3 Nd7 {[%cal Bb8d7,Bd7c5,Bc5d3][%mdl 32]} 11. O-O Bxc3 12. bxc3 {Black must now prevent c4.} Ndxc5 13. Bb1 Be6 {[#]} 14. Qe1 $146 ({Predecessor:} 14. Qd4 Rfd8 15. Qb4 Qa6 16. Nd4 Rac8 17. Rfd1 Nd6 18. Nb3 Qb6 19. Bxd6 Rxd6 20. Qh4 {1-0 (69) Guo,Q (2435)-Dauletova,G (2269) Abu Dhabi 2016}) 14... Qa6 $1 {The position is equal.} 15. Nd4 {Threatens to win with f3.} Nd3 $1 {[%cal Rd3e1]} 16. Bxd3 $1 Qxd3 17. f3 Nc5 18. Qg3 Qg6 19. Qxg6 {Not much happened in this game. Accuracy: White = 92%, Black = 100%.} 1/2-1/2

[Event "18th Aeroflot Open-A 2020"]
[Site "Moscow"]
[Date "2020.02.25"]
[Round "7.3"]
[White "Maghsoodloo, Parham"]
[Black "Aleksandrov, Aleksej"]
[Result "1/2-1/2"]
[WhiteElo "2674"]
[BlackElo "2592"]
[Annotator "TA"]
[PlyCount "83"]
[EventDate "2020.02.19"]
[EventType "swiss"]
[EventCountry "RUS"]
[SourceTitle "playchess.com"]
[Source "ChessBase"]
[SourceQuality "1"]

{[%evp 11,83,17,20,10,14,11,11,12,12,12,19,17,20,16,20,16,19,19,22,21,22,19,20,16,15,18,27,3,3,8,6,3,4,5,3,14,25,19,27,0,0,0,17,0,8,12,39,0,-7,-10,23,-107,-83,-152,-106,-141,-78,-89,0,0,0,-34,-34,-53,-61,-54,-62,-102,-2,-6,8,8,8,0]} 1. Nf3 Nf6 2. g3 b5 3. Bg2 Bb7 4. O-O e6 5. d3 c5 6. e4 d6 7. e5 {A05: Réti Opening: 1 Nf3 Nf6.} dxe5 8. a4 b4 9. Nxe5 Bxg2 10. Kxg2 Qd5+ 11. Qf3 Qxf3+ 12. Kxf3 {[#]} Be7 $146 ({Predecessor:} 12... Nfd7 13. Nxd7 Nxd7 14. Bf4 Be7 15. Nd2 O-O 16. a5 Rfc8 17. Nc4 f6 18. Kg2 Rc6 {1-0 (66) Niermann,M (2280)-Erkay,A Germany 1996}) 13. Be3 Nfd7 14. Nc4 Nc6 15. Nbd2 O-O 16. Ke2 Rfd8 17. a5 Nde5 18. a6 Rd5 19. Nb3 Rc8 20. f4 Ng4 21. Bg1 Rh5 22. h4 Rd5 23. c3 h5 24. Nba5 Nxa5 25. Nxa5 bxc3 26. bxc3 Nh6 27. Nb7 Nf5 $36 {[%mdl 2048] Black is more active.} 28. Bf2 Bf6 29. Rfc1 e5 30. c4 Nd4+ 31. Bxd4 (31. Kf1 $11 {keeps the balance.} Rd7 32. fxe5 Bxe5 33. Ra5) 31... Rxd4 $17 32. Ra5 (32. f5 $142) 32... exf4 33. Nxc5 Bd8 ({Black should try} 33... fxg3 34. Ne4 Re8) 34. Nb3 Bxa5 ({Much weaker is} 34... fxg3 $6 35. Nxd4 Bxa5 36. c5 $11) (34... Rd6 $17 35. Rxh5 fxg3) 35. Nxd4 $11 fxg3 $17 {[%mdl 4096] Endgame KRB-KRN} 36. Nb5 Rc6 37. c5 g2 {[#] Strongly threatening ...Rxc5!} 38. d4 Rxa6 {...Be1! is the strong threat.} 39. Rg1 Rg6 ({Black should play} 39... Re6+ $17 40. Kf3 a6) 40. Nxa7 $11 {The position is equal.} Kf8 41. Kf3 Bd8 42. d5 {Accuracy: White = 73%, Black = 83%.} 1/2-1/2